000
00335 a2200157 4500
001
60739
020
_a
8587737015
040
_c
Anchieta - Pituba
100
_a
Marques, Ademar Martins
240
1
0
_a
1929
_l
por
245
1
0
_a
1929
300
_a
93
362
0
_a
2000
650
4
_a
História do mundo antigo até 499 AC.
942
_c
BK
999
_c
60739
_d
60739